<?xml version="1.0" encoding="UTF-8"?>
<record
    xmlns:xsi="http://www.w3.org/2001/XMLSchema-instance"
    xsi:schemaLocation="http://www.loc.gov/MARC21/slim http://www.loc.gov/standards/marcxml/schema/MARC21slim.xsd"
    xmlns="http://www.loc.gov/MARC21/slim">

  <leader>00719nam a22001577a 4500</leader>
  <controlfield tag="003">OSt</controlfield>
  <controlfield tag="005">20160831150509.0</controlfield>
  <controlfield tag="008">160831b        xxu||||| |||| 00| 0 eng d</controlfield>
  <datafield tag="040" ind1=" " ind2=" ">
    <subfield code="c">RUA</subfield>
  </datafield>
  <datafield tag="082" ind1=" " ind2=" ">
    <subfield code="a">AGE PIV 2015 B515 Or.</subfield>
  </datafield>
  <datafield tag="100" ind1=" " ind2=" ">
    <subfield code="9">9718</subfield>
    <subfield code="a">PIV CHHAY THAON; &#x1796;&#x17C0;&#x179C; &#x1786;&#x17C3;&#x1792;&#x1793;&#x17CB;</subfield>
  </datafield>
  <datafield tag="245" ind1=" " ind2=" ">
    <subfield code="a">Effects of hard-pan disruption for growing maize after harvesting west-season rice; &#x17A5;&#x1791;&#x17D2;&#x1792;&#x17B7;&#x1796;&#x179B;&#x1793;&#x17C3;&#x1780;&#x17B6;&#x179A;&#x1794;&#x17C6;&#x1794;&#x17C2;&#x1780;&#x179F;&#x17D2;&#x179A;&#x1791;&#x17B6;&#x1794;&#x17CB;&#x1794;&#x17B6;&#x178F;&#x1793;&#x1784;&#x17D2;&#x1782;&#x17D0;&#x179B;&#x1791;&#x17C5;&#x179B;&#x17BE;&#x1780;&#x17B6;&#x179A;&#x178A;&#x17BB;&#x17C7;&#x179B;&#x17BC;&#x178F;&#x179B;&#x17B6;&#x179F;&#x17CB;&#x178A;&#x17C6;&#x178E;&#x17B6;&#x17C6;&#x1796;&#x17C4;&#x178F;&#x1780;&#x17D2;&#x179A;&#x17C4;&#x1799;&#x1794;&#x17D2;&#x179A;&#x1798;&#x17BC;&#x179B;&#x1795;&#x179B;&#x179F;&#x17D2;&#x179A;&#x17BC;&#x179C;&#x179C;&#x179F;&#x17D2;&#x179F;&#x17B6;</subfield>
  </datafield>
  <datafield tag="260" ind1=" " ind2=" ">
    <subfield code="a">RUA</subfield>
    <subfield code="b">Phnom Penh</subfield>
    <subfield code="c">2015</subfield>
  </datafield>
  <datafield tag="300" ind1=" " ind2=" ">
    <subfield code="a">xi; 52p.</subfield>
    <subfield code="b">ill.</subfield>
    <subfield code="c">29cm.</subfield>
  </datafield>
  <datafield tag="942" ind1=" " ind2=" ">
    <subfield code="2">ddc</subfield>
    <subfield code="c">AGE</subfield>
  </datafield>
  <datafield tag="999" ind1=" " ind2=" ">
    <subfield code="c">9363</subfield>
    <subfield code="d">9363</subfield>
  </datafield>
  <datafield tag="952" ind1=" " ind2=" ">
    <subfield code="0">0</subfield>
    <subfield code="1">0</subfield>
    <subfield code="2">ddc</subfield>
    <subfield code="4">0</subfield>
    <subfield code="6">AGE_PIV_2015_000000000000000_B515_OR_1</subfield>
    <subfield code="7">0</subfield>
    <subfield code="9">51192</subfield>
    <subfield code="a">LBB</subfield>
    <subfield code="b">LBB</subfield>
    <subfield code="d">2016-08-31</subfield>
    <subfield code="o">AGE PIV 2015 B515 Or.1</subfield>
    <subfield code="p">RUA062587</subfield>
    <subfield code="r">2016-08-31</subfield>
    <subfield code="w">2016-08-31</subfield>
    <subfield code="y">AGE</subfield>
  </datafield>
  <datafield tag="952" ind1=" " ind2=" ">
    <subfield code="0">0</subfield>
    <subfield code="1">0</subfield>
    <subfield code="2">ddc</subfield>
    <subfield code="4">0</subfield>
    <subfield code="6">AGE_PIV_2015_000000000000000_B515_OR_2</subfield>
    <subfield code="7">0</subfield>
    <subfield code="9">51193</subfield>
    <subfield code="a">LBB</subfield>
    <subfield code="b">LBB</subfield>
    <subfield code="d">2016-08-31</subfield>
    <subfield code="o">AGE PIV 2015 B515 Or.2</subfield>
    <subfield code="p">RUA062547</subfield>
    <subfield code="r">2016-08-31</subfield>
    <subfield code="w">2016-08-31</subfield>
    <subfield code="y">AGE</subfield>
  </datafield>
  <datafield tag="952" ind1=" " ind2=" ">
    <subfield code="0">0</subfield>
    <subfield code="1">0</subfield>
    <subfield code="2">ddc</subfield>
    <subfield code="4">0</subfield>
    <subfield code="6">AGE_PIV_2015_000000000000000_B515_OR_3</subfield>
    <subfield code="7">0</subfield>
    <subfield code="9">51194</subfield>
    <subfield code="a">LBB</subfield>
    <subfield code="b">LBB</subfield>
    <subfield code="d">2016-08-31</subfield>
    <subfield code="l">1</subfield>
    <subfield code="o">AGE PIV 2015 B515 Or.3</subfield>
    <subfield code="p">RUA062487</subfield>
    <subfield code="r">2016-10-21</subfield>
    <subfield code="s">2016-10-07</subfield>
    <subfield code="w">2016-08-31</subfield>
    <subfield code="y">AGE</subfield>
  </datafield>
  <datafield tag="952" ind1=" " ind2=" ">
    <subfield code="0">0</subfield>
    <subfield code="1">0</subfield>
    <subfield code="2">ddc</subfield>
    <subfield code="4">0</subfield>
    <subfield code="6">AGE_PIV_2015_000000000000000_B515_OR_4</subfield>
    <subfield code="7">0</subfield>
    <subfield code="9">51195</subfield>
    <subfield code="a">LBB</subfield>
    <subfield code="b">LBB</subfield>
    <subfield code="d">2016-08-31</subfield>
    <subfield code="l">1</subfield>
    <subfield code="o">AGE PIV 2015 B515 Or.4</subfield>
    <subfield code="p">RUA062475</subfield>
    <subfield code="r">2017-08-22</subfield>
    <subfield code="s">2017-07-31</subfield>
    <subfield code="w">2016-08-31</subfield>
    <subfield code="y">AGE</subfield>
  </datafield>
  <datafield tag="952" ind1=" " ind2=" ">
    <subfield code="0">0</subfield>
    <subfield code="1">0</subfield>
    <subfield code="2">ddc</subfield>
    <subfield code="4">0</subfield>
    <subfield code="6">AGE_PIV_2015_000000000000000_B515_OR_5</subfield>
    <subfield code="7">0</subfield>
    <subfield code="9">51196</subfield>
    <subfield code="a">LBB</subfield>
    <subfield code="b">LBB</subfield>
    <subfield code="d">2016-08-31</subfield>
    <subfield code="l">1</subfield>
    <subfield code="o">AGE PIV 2015 B515 Or.5</subfield>
    <subfield code="p">RUA062358</subfield>
    <subfield code="r">2017-10-04</subfield>
    <subfield code="s">2017-08-09</subfield>
    <subfield code="w">2016-08-31</subfield>
    <subfield code="y">AGE</subfield>
  </datafield>
  <datafield tag="952" ind1=" " ind2=" ">
    <subfield code="0">0</subfield>
    <subfield code="1">0</subfield>
    <subfield code="2">ddc</subfield>
    <subfield code="4">0</subfield>
    <subfield code="6">AGE_PIV_2015_000000000000000_B515_OR_6</subfield>
    <subfield code="7">0</subfield>
    <subfield code="9">51197</subfield>
    <subfield code="a">LBB</subfield>
    <subfield code="b">LBB</subfield>
    <subfield code="d">2016-08-31</subfield>
    <subfield code="o">AGE PIV 2015 B515 Or.6</subfield>
    <subfield code="p">RUA061680</subfield>
    <subfield code="r">2016-08-31</subfield>
    <subfield code="w">2016-08-31</subfield>
    <subfield code="y">AGE</subfield>
  </datafield>
  <datafield tag="952" ind1=" " ind2=" ">
    <subfield code="0">0</subfield>
    <subfield code="1">0</subfield>
    <subfield code="2">ddc</subfield>
    <subfield code="4">0</subfield>
    <subfield code="6">AGE_PIV_2015_000000000000000_B515_OR_7</subfield>
    <subfield code="7">0</subfield>
    <subfield code="9">51199</subfield>
    <subfield code="a">LBB</subfield>
    <subfield code="b">LBB</subfield>
    <subfield code="d">2016-08-31</subfield>
    <subfield code="l">1</subfield>
    <subfield code="o">AGE PIV 2015 B515 Or.7</subfield>
    <subfield code="p">RUA062282</subfield>
    <subfield code="r">2016-09-28</subfield>
    <subfield code="s">2016-09-26</subfield>
    <subfield code="w">2016-08-31</subfield>
    <subfield code="y">AGE</subfield>
  </datafield>
  <datafield tag="952" ind1=" " ind2=" ">
    <subfield code="0">0</subfield>
    <subfield code="1">0</subfield>
    <subfield code="2">ddc</subfield>
    <subfield code="4">0</subfield>
    <subfield code="6">AGE_PIV_2015_000000000000000_B515_OR_8</subfield>
    <subfield code="7">0</subfield>
    <subfield code="9">51200</subfield>
    <subfield code="a">LBB</subfield>
    <subfield code="b">LBB</subfield>
    <subfield code="d">2016-08-31</subfield>
    <subfield code="l">1</subfield>
    <subfield code="o">AGE PIV 2015 B515 Or.8</subfield>
    <subfield code="p">RUA061832</subfield>
    <subfield code="r">2017-11-25</subfield>
    <subfield code="s">2017-10-11</subfield>
    <subfield code="w">2016-08-31</subfield>
    <subfield code="y">AGE</subfield>
  </datafield>
</record>
